Cảng thị Nước Mặn và văn hóa cổ truyền

Nội dung sách giới thiệu Biển Đông với cửa biển - cảng thị - đô thị - kinh đô Bình ĐỊnh. Những dấu tích và kíy ức còn lại ở vùng Thị Nại - Nước Mặn. Cảng thị Nước Mặn theo dòng lịch sử, văn hóa cổ truyền của cảng thị Nước Mặn....

Full beskrivning

Sparad:
Bibliografiska uppgifter
Huvudupphovsman: Nguyễn, Xuân Nhân
Materialtyp: Bok
Språk:Undetermined
Publicerad: Hà Nội Khoa học - Xã hội 2010
Ämnen:
Taggar: Lägg till en tagg
Inga taggar, Lägg till första taggen!
Thư viện lưu trữ: Trung tâm Học liệu Trường Đại học Cần Thơ
LEADER 00969nam a2200205Ia 4500
001 CTU_164070
008 210402s9999 xx 000 0 und d
082 |a 959.7 
082 |b Nh121 
100 |a Nguyễn, Xuân Nhân 
245 0 |a Cảng thị Nước Mặn và văn hóa cổ truyền 
245 0 |c Nguyễn Xuân Nhân 
260 |a Hà Nội 
260 |b Khoa học - Xã hội 
260 |c 2010 
520 |a Nội dung sách giới thiệu Biển Đông với cửa biển - cảng thị - đô thị - kinh đô Bình ĐỊnh. Những dấu tích và kíy ức còn lại ở vùng Thị Nại - Nước Mặn. Cảng thị Nước Mặn theo dòng lịch sử, văn hóa cổ truyền của cảng thị Nước Mặn. 
650 |a Vietnam,Việt Nam 
650 |x History,Lịch sử 
904 |i Qhieu 
980 |a Trung tâm Học liệu Trường Đại học Cần Thơ